00749nam a22002057a 4500999001900000005001700019010001300036020002600049035001200075037001300087082000700100100002900107245005400136246003900190260004300229270009100272300002100363942002600384952013300410 c195349d19534920230321122203.0 aUR-11889 a9789390568192c595.00 aU-10444 bDBAD/PUB aک aسا قی ، نار نگ aمنت شر اف کار /cنا رنگ سا قی aMuntashir Afkaar /bby Narang Saqi aNew DelhibM.R. Publications c2019 ء a10 Metropole Market, 2724-25, First Floor, Kucha Chelan, Darya GanjbNew Delhie110002 a271 صc22cm(Hb) 2ddccURhکmس ا ق 001040708FICaBL1bBL1d2023-03-21eDBAD/PUBg595.00l0oک س ا قpU-10444r2023-03-21 00:00:00t1v595.00w2023-03-21yUR